Loading...
Literature - European Literature | 1 | 4 | 0 | 1 | 55 | 49 | 101.40 | 0 | 5 |
Visual Arts | 0 | 5 | 0 | 0 | 50 | 89 | 115.40 | 1 | 4 |
Literature - American Literature | 0 | 4 | 0 | 0 | 40 | 108 | 124.25 | 1 | 2 |
Literature - British Literature | 1 | 2 | 0 | 0 | 35 | 49 | 92.33 | 1 | 2 |
Literature - World Literature | 0 | 4 | 1 | 0 | 35 | 68 | 116.75 | 1 | 4 |
Beliefs | 0 | 3 | 1 | 0 | 25 | 102 | 126.67 | 0 | 2 |
History - European History | 0 | 3 | 1 | 1 | 25 | 89 | 109.00 | 0 | 3 |
Fine Arts - Other Arts | 0 | 2 | 0 | 0 | 20 | 77 | 95.00 | 1 | 2 |
History - Other History | 0 | 2 | 0 | 0 | 20 | 107 | 108.50 | 0 | 1 |
Auditory Arts | 0 | 2 | 0 | 0 | 20 | 119 | 120.50 | 0 | 0 |
Social Science | 0 | 2 | 1 | 1 | 15 | 85 | 107.50 | 0 | 1 |
Philosophy | 0 | 2 | 1 | 0 | 15 | 67 | 92.50 | 0 | 2 |
Geography | 0 | 1 | 0 | 0 | 10 | 89 | 89.00 | 1 | 1 |
Current Events | 0 | 1 | 0 | 0 | 10 | 84 | 84.00 | 0 | 1 |
Science - Chemistry | 0 | 1 | 0 | 0 | 10 | 120 | 120.00 | 0 | 0 |
History - World History | 0 | 2 | 2 | 0 | 10 | 106 | 109.00 | 0 | 0 |
Science - Other Science | 0 | 0 | 0 | 0 | 0 | 0.00 | 0 | 0 | |
Other Academic | 0 | 0 | 1 | 0 | -5 | 0.00 | 0 | 0 | |
History - American History | 0 | 0 | 1 | 0 | -5 | 0.00 | 0 | 0 |